000 00550nam a2200217Ia 4500
003 OSt
005 20220928144555.0
006 a|||||r|||| 00| 0
007 ta
008 220927b |||||||| |||| 00| 0 eng d
024 _a72136
037 _cTextual
040 _aSDCL
_cSDCL
_beng
041 _2eng
_aeng
082 _aXM8:8.5'N7, L8
100 _aDaems Herman
_9508466
245 0 _aHolding company and corporate control.
260 _c1978
942 _hXM8:8.5'N7, L8
_cTEXL
_2CC
999 _c828195
_d828195